Pentecostalismo y liberación: una experiencia latinoamericana /

Zapisane w:
Opis bibliograficzny
1. autor: Alvarez, Carmelo
Korporacja: CEPLA
Kolejni autorzy: ed.
Format: Texto
Wydane: San José: CEPLA
Etykiety: Dodaj etykietę
Nie ma etykietki, Dołącz pierwszą etykiete!

MARC

LEADER 00000 a a2200000 04500
001 25738
003
040
020 |a 9977-83-059-2  
090 |a 173600  
100 |a Alvarez, Carmelo  
110 |a CEPLA  
245 |a Pentecostalismo y liberación: una experiencia latinoamericana /  |c Carmelo Alvarez 
260 |a San José:   |b CEPLA  
300 |a 260 p.  
700 |a ed.  
999 |c 6168  |d 6168